00620nam a2200181Ia 4500008004100000020002100041040001900062041001200081082003600093245009300129260004800222300002600270504005300296650001800349651003500367700002600402850001000428131103s9999 xx 000 0 und d aSBN : 52109484 4 aLoreto College aEnglish a822.33(ID)/LEA/DUTbLCLIB/16279 4aThe works of Shakespeareb King Lear cedited by George Ian Duthie and John Dover Wilson aCambridgebCambridge University Pressc1968 alxix,300 p. c 20 cm. aIncludes bibliographical references and glossary aEnglish Drama aShakespear,William - King Lear aDuthie,George Ian,ed. aLCLIB